| 000 | 00607nam a2200217 a 4500 | ||
|---|---|---|---|
| 001 | BRL_994 | ||
| 005 | 20190320211002.0 | ||
| 008 | 301013s1965----mx-#######---#000-1#spa-# | ||
| 041 | _aspa | ||
| 044 | _amx | ||
| 050 | 4 |
_aPQ7297.C37 _b.V57 1965 |
|
| 100 | 1 |
_aCarballido, Emilio _925518 |
|
| 245 | 1 | 0 |
_aLas visitaciones del diablo _bFolletín romántico en XV partes _cEmilio Carballido. |
| 260 |
_aMéxico _bJoaquín Mortiz _c1965 |
||
| 300 |
_a166 p. _c18 cm. |
||
| 440 | 0 |
_aSerie del volador _923487 |
|
| 500 | _aAu1133 | ||
| 650 | 1 | 4 |
_anovela mexicana _ySiglo XX _923904 |
| 902 | _aGRL | ||
| 942 |
_2lcc _cB |
||
| 999 |
_c9806 _d9806 |
||